Normal view MARC view
  • Lang, Serge

Entry Personal Name

Number of records used in: 2

001 - CONTROL NUMBER

  • control field: 102580

003 - CONTROL NUMBER IDENTIFIER

  • control field: NUST

005 - DATE AND TIME OF LATEST TRANSACTION

  • control field: 20221114124355.0

008 - FIXED-LENGTH DATA ELEMENTS

  • fixed length control field: 221114|| aca||aabn | a|a d

040 ## - CATALOGING SOURCE

  • Original cataloging agency: NUST
  • Transcribing agency: NUST

100 ## - HEADING--PERSONAL NAME

  • Personal name: Lang, Serge

670 ## - SOURCE DATA FOUND

  • Source citation: Work cat.: (NUST)217986: Lang, Serge, Introduction to Linear Algebra /, 2005
© 2023 Central Library, National University of Sciences and Technology. All Rights Reserved.